000 00343nam a2200157Ia 4500
003 OSt
005 20240412123956.0
008 170524s9999 xx 000 0 und d
020 _a978-9352601882
040 _ciimtu
100 _aKhan BH
245 0 _aNon-Conventional Energy Resources
260 _bTMH
260 _c2008
942 _2ddc
_c02
999 _c5603
_d5603